Формирование культуры толерантности в контексте профессиональной социализации студентов; Энергия молодых - экономике России; Ч. 1

Bibliografiske detaljer
Parent link:Энергия молодых - экономике России=Energy of Youth for Russian Economy: сборник научных трудов XIII Международной научно-практической конференции студентов и молодых ученых, г. Томск, 16-19 апреля 2012 г./ Национальный исследовательский Томский политехнический университет (ТПУ) ; Вольное экономическое общество России ; Международный союз экономистов (МСЭ) ; ред. коллегия В. В. Еремин ; Ю. С. Нехорошев ; Г. А. Барышева ; И. Е. Никулина ; Т. Б. Варлачева ; И. В. Кащук ; Е. Ю. Маталасова.— , 2012
Ч. 1.— 2012.— [С. 298-299]
Hovedforfatter: Клыкова Т. Ю.
Summary:Заглавие с титульного экрана
Sprog:russisk
Udgivet: 2012
Serier:Роль маркетинговой концепции управления в современной экономике
Fag:
Online adgang:http://www.lib.tpu.ru/fulltext/c/2012/C23/V1/133.pdf
Format: MixedMaterials Electronisk Book Chapter
KOHA link:https://koha.lib.tpu.ru/cgi-bin/koha/opac-detail.pl?biblionumber=238854

MARC

LEADER 00000nla2a2200000 4500
001 238854
005 20231031205236.0
035 |a (RuTPU)RU\TPU\book\260064 
035 |a RU\TPU\book\260061 
090 |a 238854 
100 |a 20130531d2012 k y0rusy50 ca 
101 0 |a rus 
102 |a RU 
105 |a y z 101zy 
135 |a drcn ---uucaa 
181 0 |a i  
182 0 |a b 
200 1 |a Формирование культуры толерантности в контексте профессиональной социализации студентов  |b Электронный ресурс  |f Т. Ю. Клыкова 
203 |a Текст  |c электронный 
225 1 |a Роль маркетинговой концепции управления в современной экономике 
230 |a 1 компьютерный файл (pdf; 220 Kb) 
300 |a Заглавие с титульного экрана 
320 |a [Библиогр.: с. 299 (4 назв.)] 
337 |a Adobe Reader 
461 1 |0 (RuTPU)RU\TPU\book\258397  |t Энергия молодых - экономике России  |l Energy of Youth for Russian Economy  |o сборник научных трудов XIII Международной научно-практической конференции студентов и молодых ученых, г. Томск, 16-19 апреля 2012 г.  |o в 2 ч.  |f Национальный исследовательский Томский политехнический университет (ТПУ) ; Вольное экономическое общество России ; Международный союз экономистов (МСЭ) ; ред. коллегия В. В. Еремин ; Ю. С. Нехорошев ; Г. А. Барышева ; И. Е. Никулина ; Т. Б. Варлачева ; И. В. Кащук ; Е. Ю. Маталасова  |d 2012 
463 1 |0 (RuTPU)RU\TPU\book\258408  |t Ч. 1  |v [С. 298-299]  |d 2012 
610 1 |a труды учёных ТПУ 
610 1 |a электронный ресурс 
610 1 |a культура 
610 1 |a толерантность 
610 1 |a социализация 
610 1 |a студенты 
700 1 |a Клыкова  |b Т. Ю. 
801 2 |a RU  |b 63413507  |c 20130531  |g RCR 
856 4 |u http://www.lib.tpu.ru/fulltext/c/2012/C23/V1/133.pdf 
942 |c CF